000 00455nam a2200181Ia 4500
003 GCL
008 140319s9999 xx 000 0 ara d
040 _aGCL /
_cGCL
082 0 4 _a843.03
_bب غ
100 1 _aروبير غانم
245 1 0 _aغرام سوان /
_cروبير غانم
700 1 _aبروست، مارسيل
490 _a
650 0 4 _aالادب
650 0 4 _aالادب الفرنسى
650 0 4 _aالقصة
942 _2ddc
_cBK
999 _c39889
_d39889